000
00270nam a22001097a 4500
008
170116b xxu||||| |||| 00| 0 eng d
020
_a
9780323069045
041
_a
eng
080
_2
2ND
_a
618.2
245
_a
THE NURSE, THE MATH, THE MEDS
_c
MULHOLLAND, J.M
942
_2
udc
_c
BK
999
_c
2938
_d
2938